| 000 | 00635nam a2200229 a 4500 | ||
|---|---|---|---|
| 001 | BRCA_7724 | ||
| 005 | 20190320205950.0 | ||
| 008 | 300813s1936----gw-e######---#000-0#ger-# | ||
| 041 | _ager | ||
| 044 | _agw | ||
| 050 | 4 |
_aN2325 _b.A48 1936 |
|
| 245 | 1 | 0 |
_aAmtlicher Katalog _cÄltere Pinakothek Munchen. |
| 260 |
_aMúnich _bC. Gerber _c1936 |
||
| 300 |
_alxiv, 354 p. _bil., 196 láminas _c19 cm. |
||
| 500 | _aU70 | ||
| 610 | 2 | 4 |
_aPinakothek, Alte (Múnich) _97742 |
| 650 | 1 | 4 |
_aPintura _zMúnich _919111 |
| 650 | 1 | 4 |
_aPintura _vCatálogos _913336 |
| 650 | 1 | 4 |
_aGalerías y museos _zAlemania _95059 |
| 902 | _aGFM | ||
| 942 |
_2lcc _cB |
||
| 999 |
_c7398 _d7398 |
||